[Event "Lions Cup Roma"]
[Site "SchemingMind.com"]
[Date "2014.01.24"]
[Round "-"]
[White "emvarela"]
[Black "kenneth m day"]
[Result "1-0"]
[WhiteCountry "ARG"]
[BlackCountry "USA"]
[WhiteElo "1753"]
[WhiteRD "48"]
[BlackElo "1757"]
[BlackRD "49"]
[GameID "345924"]

1. e4 e5 2. Nf3 Nc6 3. Bb5 d6 4. d4 exd4 5. Nxd4 Bd7 6. Nc3 Nf6 7. Bxc6 bxc6 8. Bg5 Be7 9. O-O O-O 10. Bxf6 Bxf6
11. Nde2 Rb8 12. b3 Re8 13. Qd3 Bg4 14. f3 Bc8 15. Rad1 Bb7 16. Nf4 Be5 17. Nfe2 Qh4 18. h3 Re6 19. f4 Bxc3 20. Nxc3 Rg6
21. Rf3 Re8 22. g4 Rge6 23. Kh2 f6 24. Qc4 Kf8 25. f5 Re5 26. Rf4 c5 27. Rdf1 d5 28. Qxc5+ Kg8 29. g5 dxe4 30. Qc4+ Bd5
31. Nxd5 Qxg5 32. Nxf6+ Kf8 33. Nxh7+
1-0

[Event "Lions Cup Roma"]
[Site "SchemingMind.com"]
[Date "2014.01.24"]
[Round "-"]
[White "kenneth m day"]
[Black "emvarela"]
[Result "1-0"]
[WhiteCountry "USA"]
[BlackCountry "ARG"]
[WhiteElo "1769"]
[WhiteRD "48"]
[BlackElo "1732"]
[BlackRD "45"]
[GameID "345925"]

1. e4 e5 2. Nf3 Nc6 3. c3 d5 4. Qa4 Bd7 5. exd5 Nd4 6. Qd1 Nxf3+ 7. Qxf3 Bd6 8. Bc4 Qf6 9. Qxf6 Nxf6 10. d3 O-O-O
11. Bg5 h6 12. Bh4 g5 13. Bg3 Nh5 14. Nd2 Nxg3 15. hxg3 f5 16. O-O-O c6 17. dxc6 Bxc6 18. f3 Bc5 19. Be6+ Bd7 20. Bc4 b5
21. Bb3 Be3 22. Rde1 Bxd2+ 23. Kxd2 a5 24. Rxe5 a4 25. Be6 Bxe6 26. Rxe6 h5 27. Re5
1-0

[Event "Lions Cup Roma"]
[Site "SchemingMind.com"]
[Date "2014.01.24"]
[Round "-"]
[White "lordstripes"]
[Black "emvarela"]
[Result "0-1"]
[WhiteCountry "ENG"]
[BlackCountry "ARG"]
[WhiteElo "1911"]
[WhiteRD "106"]
[BlackElo "1753"]
[BlackRD "48"]
[GameID "345967"]

1. e4 e5 2. Nf3 Nc6 3. Bb5 f5 4. Nc3 fxe4 5. Nxe4 Nf6 6. Nxf6+ gxf6 7. d4 d6 8. dxe5 dxe5 9. Qxd8+ Kxd8 10. Be3 Bd7
11. O-O-O Bd6 12. Bxc6 Bxc6 13. Bc5 Bxf3 14. gxf3 Ke7 15. Bxd6+ cxd6 16. Rhg1 Rhg8 17. Rg3 Rxg3 18. fxg3 Ke6 19. c4 Rc8 20. b3 b5
21. Kb2 bxc4 22. Rc1 d5 23. bxc4 Rxc4 24. Rxc4 dxc4 25. Kc3 Kd5 26. h3 f5 27. a3 h5 28. g4 fxg4 29. hxg4 h4 30. g5 h3
31. g6 Ke6
0-1

[Event "Lions Cup Roma"]
[Site "SchemingMind.com"]
[Date "2014.01.19"]
[Round "-"]
[White "lordstripes"]
[Black "kenneth m day"]
[Result "1-0"]
[WhiteCountry "ENG"]
[BlackCountry "USA"]
[WhiteElo "1830"]
[WhiteRD "162"]
[BlackElo "1767"]
[BlackRD "48"]
[GameID "345968"]

1. e4 e5 2. Nf3 Nc6 3. Bb5 f5 4. Nc3 fxe4 5. Nxe4 Nf6 6. Nxf6+ gxf6 7. d4 Bg7 8. dxe5 fxe5 9. Bxc6 bxc6 10. Nxe5 Bxe5
11. Qh5+ Kf8 12. Qxe5 Kf7 13. Qh5+ Kf8 14. Bh6+ Kg8 15. Qg4+ Kf7 16. Qg7+ Ke6 17. O-O Kd5 18. Rad1+ Kc5 19. Qd4+ Kb5 20. Rd3 c5
21. Rb3+ Kc6 22. Qa4+ Kd6 23. Rd1+ Ke6 24. Qe4+ Kf7 25. Rf3+
1-0

[Event "Lions Cup Roma"]
[Site "SchemingMind.com"]
[Date "2014.01.24"]
[Round "-"]
[White "emvarela"]
[Black "lordstripes"]
[Result "0-1"]
[WhiteCountry "ARG"]
[BlackCountry "ENG"]
[WhiteElo "1766"]
[WhiteRD "50"]
[BlackElo "1957"]
[BlackRD "101"]
[GameID "345969"]

1. e4 c6 2. d4 d5 3. Nc3 dxe4 4. Nxe4 Bf5 5. Ng3 Bg6 6. h4 h6 7. Nf3 Nd7 8. h5 Bh7 9. Bd3 Bxd3 10. Qxd3 e6
11. Bd2 Ngf6 12. O-O-O Be7 13. Ne5 Nxe5 14. dxe5 Qxd3 15. cxd3 Ng4 16. Be3 Nxe5 17. f3 O-O-O 18. d4 Nc4 19. Bf2 b6 20. Ne2 Bf6
21. b3 Na3 22. Kb2 Nb5 23. a4 Nc7 24. Rc1 Kb7 25. f4 c5 26. Kc3 cxd4+ 27. Bxd4 Nd5+ 28. Kb2 Bxd4+ 29. Nxd4 Nxf4 30. Nb5 Nd3+
31. Ka3 Nxc1 32. Rxc1 Rd7 33. Rc4 e5 34. g4 f6 35. Kb4 a5+ 36. Kc3 Rc8 37. Rxc8 Kxc8 38. Na3 Rd4 39. Nc4 Kc7 40. Ne3 Kc6
0-1

[Event "Lions Cup Roma"]
[Site "SchemingMind.com"]
[Date "2014.01.19"]
[Round "-"]
[White "kenneth m day"]
[Black "lordstripes"]
[Result "0-1"]
[WhiteCountry "USA"]
[BlackCountry "ENG"]
[WhiteElo "1757"]
[WhiteRD "49"]
[BlackElo "1911"]
[BlackRD "106"]
[GameID "345970"]

1. e4 c6 2. c4 d5 3. cxd5 cxd5 4. exd5 Nf6 5. d4 Nxd5 6. Nc3 e6 7. Nf3 Bb4 8. Bd2 Nc6 9. Bb5 a6 10. Ba4 b5
11. Bc2 Bb7 12. a3 Nxc3 13. bxc3 Bd6 14. O-O O-O 15. Bg5 Ne7 16. Re1 Rc8 17. Qd3 g6 18. Bf6 Qc7 19. Qe3 Bf4 20. Qd3 Nd5
21. Be5 Qxc3 22. Qxc3 Rxc3 23. Be4 Bxe5 24. Nxe5 Ba8 25. Rec1 Rxc1+ 26. Rxc1 Nf4 27. Re1 Bxe4 28. Rxe4 Rc8 29. h3 Nd5 30. Re1 Rc7
31. g3 Rc3 32. Ra1 Nb6 33. Kg2 Nc4 34. Nd7 Rxa3 35. Rxa3 Nxa3 36. Nc5 a5 37. Nd3 Nc2
0-1

[Event "Lions Cup Roma"]
[Site "SchemingMind.com"]
[Date "2014.01.20"]
[Round "-"]
[White "alexyongpohweng"]
[Black "lordstripes"]
[Result "0-1"]
[WhiteCountry "MAS"]
[BlackCountry "ENG"]
[WhiteElo "1303"]
[WhiteRD "45"]
[BlackElo "1953"]
[BlackRD "121"]
[GameID "346011"]

1. e4 c6 2. d4 d5 3. e5 Bf5 4. Nf3 e6 5. h3 c5 6. dxc5 Bxc5 7. Bb5+ Nc6 8. Bxc6+ bxc6 9. O-O Rb8 10. c3 a5
11. Bf4 Rxb2 12. Nbd2 Ne7 13. Nb3 Qb6 14. Nxc5 Qxc5 15. Nd4 Rb7 16. Bd2 O-O 17. Nxf5 Nxf5 18. Be3 Nxe3 19. fxe3 Qxe3+ 20. Kh1 Qxe5
21. Re1 Qxc3 22. Rc1 Qa3 23. Rxc6 Qxa2 24. Rc1 Qb3 25. Qe2 Rfb8 26. Kh2 Qb5 27. Qxb5 Rxb5 28. Kg1 g5 29. g4 Rb2 30. Ra1 R8b3
31. Rxa5 Rxh3 32. Ra8+ Kg7 33. Rf1 Rg3+ 34. Kh1 Rxg4 35. Raa1 Rf4 36. Rg1 Rh4#
0-1

[Event "Lions Cup Roma"]
[Site "SchemingMind.com"]
[Date "2014.01.25"]
[Round "-"]
[White "alexyongpohweng"]
[Black "emvarela"]
[Result "0-1"]
[WhiteCountry "MAS"]
[BlackCountry "ARG"]
[WhiteElo "1303"]
[WhiteRD "45"]
[BlackElo "1732"]
[BlackRD "45"]
[GameID "346012"]

1. e4 e5 2. Qh5 Nc6 3. Bc4 g6 4. Qf3 Qf6 5. Qxf6 Nxf6 6. Nc3 d6 7. Nf3 Bg7 8. O-O O-O 9. d3 Nb4 10. Bb3 Be6
11. Bxe6 fxe6 12. a3 Nxc2 13. Rb1 Nd4 14. Nxd4 exd4 15. Ne2 e5 16. Bg5 h6 17. Bxf6 Bxf6 18. b3 c5 19. b4 b6 20. bxc5 dxc5
21. f3 Bg5 22. h3 Be3+ 23. Kh1 Rab8 24. Kh2 b5 25. Rb2 c4 26. dxc4 bxc4 27. Rxb8 Rxb8 28. Nc1 Rb1
0-1

[Event "Lions Cup Roma"]
[Site "SchemingMind.com"]
[Date "2014.01.20"]
[Round "-"]
[White "alexyongpohweng"]
[Black "kenneth m day"]
[Result "0-1"]
[WhiteCountry "MAS"]
[BlackCountry "USA"]
[WhiteElo "1230"]
[WhiteRD "45"]
[BlackElo "1767"]
[BlackRD "48"]
[GameID "346013"]

1. e4 e5 2. h3 Nf6 3. d3 d5 4. exd5 Qxd5 5. Nf3 Bc5 6. Nc3 Qe6 7. Nb5 Na6 8. Ng5 Qf5 9. Nf3 O-O 10. g3 Bd7
11. Nc3 Bc6 12. Bg2 Rad8 13. O-O e4 14. dxe4 Nxe4 15. Qe1 Rfe8 16. Nxe4 Bxe4 17. c3 Bxf3 18. Be3 Bxg2 19. Kxg2 Bxe3 20. fxe3 Qe4+
21. Kh2 Nc5 22. Qf2 Rd7 23. Qg2 Qxg2+ 24. Kxg2 Rxe3 25. Kf2 Rde7 26. Rad1 Re2+ 27. Kg1 h6 28. b4 Ne4 29. Rd8+ Kh7 30. Rdd1 Nxg3
31. Rf3 Ne4 32. Rff1 Nxc3 33. Rc1 Nxa2 34. Ra1 Rc2 35. b5 Ree2
0-1

[Event "Lions Cup Roma"]
[Site "SchemingMind.com"]
[Date "2014.01.21"]
[Round "-"]
[White "lordstripes"]
[Black "alexyongpohweng"]
[Result "1-0"]
[WhiteCountry "ENG"]
[BlackCountry "MAS"]
[WhiteElo "1953"]
[WhiteRD "121"]
[BlackElo "1303"]
[BlackRD "45"]
[GameID "346014"]

1. e4 e5 2. Nf3 d6 3. d4 exd4 4. Nxd4 Nf6 5. Nc3 Be7 6. Bc4 O-O 7. O-O c5 8. Nf3 a6 9. a4 Nc6 10. Re1 Ne5
11. Nxe5 dxe5 12. Nd5 Nxd5 13. Bxd5 Rb8 14. c4 b6 15. b3 Bb7 16. Bb2 Bxd5 17. exd5 Bf6 18. Bxe5 Bxe5 19. Rxe5 Re8 20. Rxe8+ Qxe8
21. Qe1 Qf8 22. Ra2 Qd6 23. Re2 g6 24. Re8+ Rxe8 25. Qxe8+ Qf8 26. Qxf8+ Kxf8 27. f4 Ke7 28. g4 Kd6 29. Kg2 f6 30. Kg3 h6
31. Kh4 Kd7 32. g5 h5 33. gxf6 Ke8 34. Kg5 Kf7 35. d6
1-0

[Event "Lions Cup Roma"]
[Site "SchemingMind.com"]
[Date "2014.01.25"]
[Round "-"]
[White "emvarela"]
[Black "alexyongpohweng"]
[Result "1-0"]
[WhiteCountry "ARG"]
[BlackCountry "MAS"]
[WhiteElo "1732"]
[WhiteRD "45"]
[BlackElo "1303"]
[BlackRD "45"]
[GameID "346015"]

1. e4 e5 2. Nf3 d6 3. d4 exd4 4. Nxd4 Nf6 5. Nc3 Be7 6. Be2 O-O 7. O-O c5 8. Nb3 a6 9. Bf4 b5 10. Bf3 Bb7
11. e5 Bxf3 12. Qxf3 Nbd7 13. exf6 Bxf6 14. Bxd6 Re8 15. Bxc5 Bxc3 16. bxc3 a5 17. Bd4 a4 18. Nd2 Nf6 19. Rad1 Qe7 20. Bxf6 Qxf6
21. Qxf6 gxf6 22. Nf3 Kg7 23. Rd3 Rac8 24. Nd4 Rb8 25. Rfd1 Rf8 26. Rg3+ Kh8 27. Nf5 Rg8 28. Rxg8+ Kxg8 29. h4 Rc8 30. Ne7+
1-0

[Event "Lions Cup Roma"]
[Site "SchemingMind.com"]
[Date "2014.01.20"]
[Round "-"]
[White "kenneth m day"]
[Black "alexyongpohweng"]
[Result "1-0"]
[WhiteCountry "USA"]
[BlackCountry "MAS"]
[WhiteElo "1756"]
[WhiteRD "49"]
[BlackElo "1287"]
[BlackRD "45"]
[GameID "346016"]

1. e4 e5 2. f4 exf4 3. Nf3 Nf6 4. Bc4 Nxe4 5. O-O Nf6 6. Re1+ Be7 7. d4 O-O 8. Bxf4 d6 9. Nc3 c6 10. Qd2 Re8
11. Ng5 h6 12. Nxf7 Qb6 13. Nxd6+ Kf8 14. Nxe8 Kxe8 15. Bb3 Nbd7 16. Bd6 Ng8 17. Bxg8
1-0

[Event "Lions Cup Roma"]
[Site "SchemingMind.com"]
[Date "2014.01.21"]
[Round "-"]
[White "eun77"]
[Black "alexyongpohweng"]
[Result "1-0"]
[WhiteCountry "ISR"]
[BlackCountry "MAS"]
[WhiteElo "1371"]
[WhiteRD "53"]
[BlackElo "1251"]
[BlackRD "46"]
[GameID "346103"]

1. d4 d5 2. e3 Nf6 3. h3 h6 4. Nf3 a6 5. Be2 g6 6. O-O Bg7 7. Nh2 O-O 8. Bg4 Bxg4 9. Nxg4 Nxg4 10. Qxg4 h5
11. Qd1 e5 12. dxe5 Bxe5 13. f4 Bg7 14. c3 f5 15. Nd2 c6 16. Nf3 c5 17. Ng5 Rf6 18. h4 Bh6 19. Bd2 Bxg5 20. fxg5 Rf8
21. b3 Nc6 22. b4 cxb4 23. cxb4 b5 24. a3 Ne7 25. Rc1 Rc8 26. Rxc8 Qxc8 27. Qc1 Qxc1 28. Rxc1 Nc8 29. Rc6 Ne7 30. Rxa6 Rb8
31. Re6 Kf7 32. Ra6 Kg7 33. Bc3+ Kf7 34. Ra7 Rc8 35. Bf6 Re8 36. Rb7 Kf8 37. Rxb5 Kf7 38. Bxe7 Rxe7 39. Rxd5 Rxe3 40. a4 Re1+
41. Kf2 Rb1 42. Rb5 Rb2+ 43. Kg3 Ke6 44. Rb6+ Kf7 45. a5 Rb3+ 46. Kh2 Re3 47. a6 Re8 48. Rb7+ Ke6 49. a7 Ra8 50. b5 Kd6
51. b6 Kc6 52. Rb8
1-0

[Event "Lions Cup Roma"]
[Site "SchemingMind.com"]
[Date "2014.01.21"]
[Round "-"]
[White "eun77"]
[Black "lordstripes"]
[Result "0-1"]
[WhiteCountry "ISR"]
[BlackCountry "ENG"]
[WhiteElo "1371"]
[WhiteRD "53"]
[BlackElo "1957"]
[BlackRD "101"]
[GameID "346104"]

1. Nf3 d5 2. d4 Nf6 3. e3 c5 4. dxc5 e6 5. b4 a5 6. bxa5 Bxc5 7. Be2 Nc6 8. O-O Nxa5 9. Bd2 b6 10. Bxa5 Rxa5
11. Nbd2 O-O 12. Nb3 Ra7 13. Nxc5 bxc5 14. h3 Ne4 15. Nh2 Nc3 16. Qd2 Nxe2+ 17. Qxe2 Ba6 18. Qd2 Bxf1 19. Nxf1 Qa8 20. c3 Ra3
21. Kh2 Qa5 22. Ng3 Qxc3 23. Qxc3 Rxc3 24. a4 Ra8 25. Ra2 Rb3 26. a5 Rb7 27. Ne2 Rba7 28. Kg3 Rxa5 29. Rc2 Ra2 30. Rxa2 Rxa2
31. Kf3 Ra6 32. e4 d4 33. e5 d3 34. Nc3 c4 35. Ke3 Ra5 36. Kd4 d2 37. Ke3 Rd5 38. Nd1 c3 39. Nxc3 d1=Q 40. Nxd1 Rxd1
41. f4 Rd5
0-1

[Event "Lions Cup Roma"]
[Site "SchemingMind.com"]
[Date "2014.01.26"]
[Round "-"]
[White "eun77"]
[Black "emvarela"]
[Result "0-1"]
[WhiteCountry "ISR"]
[BlackCountry "ARG"]
[WhiteElo "1550"]
[WhiteRD "60"]
[BlackElo "1753"]
[BlackRD "48"]
[GameID "346105"]

1. Nc3 b6 2. e4 Bb7 3. d3 c5 4. Nf3 e6 5. Be2 Nc6 6. O-O d5 7. exd5 exd5 8. Re1 Be7 9. Bf1 Nf6 10. h3 O-O
11. Bg5 h6 12. Bxf6 Bxf6 13. Nh2 Bxc3 14. bxc3 Qf6 15. Qd2 Rfe8 16. Rxe8+ Rxe8 17. Re1 Rxe1 18. Qxe1 Qe5 19. Qxe5 Nxe5 20. g4 d4
21. cxd4 cxd4 22. Be2 Bd5 23. a3 Ng6
0-1

[Event "Lions Cup Roma"]
[Site "SchemingMind.com"]
[Date "2014.01.22"]
[Round "-"]
[White "eun77"]
[Black "kenneth m day"]
[Result "0-1"]
[WhiteCountry "ISR"]
[BlackCountry "USA"]
[WhiteElo "1550"]
[WhiteRD "60"]
[BlackElo "1757"]
[BlackRD "49"]
[GameID "346106"]

1. e4 e5 2. d3 c6 3. Nf3 Qc7 4. Be2 Nf6 5. O-O d5 6. exd5 Nxd5 7. h3 Bd6 8. Nh2 Be6 9. Nc3 Nd7 10. Nxd5 Bxd5
11. Bf3 e4 12. dxe4 Bxh2+ 13. Kh1 Be6 14. Bg4 Be5 15. Bxe6 fxe6 16. f4 Bd6 17. e5 Bc5 18. Re1 O-O-O 19. Be3 Bxe3 20. Rxe3 Nxe5
21. Qf1 Ng6 22. g3 Qb6 23. Rb3 Qc5 24. Rd1 Qxc2 25. Rxd8+ Rxd8 26. Rc3 Qxb2 27. Rb3 Qxa2 28. Qb1 Qxb1+ 29. Rxb1 Rd3 30. Kg2 b5
31. Re1 Kd7 32. Ra1 a5 33. Rxa5 b4 34. Ra7+ Kd6 35. Rxg7 b3 36. Rxh7 Ne7 37. Rh8 Kc5 38. Rb8 Kc4 39. Rb7 Nd5 40. h4 Rd2+
41. Kf1 b2 42. Ke1 Rh2 43. Kd1 Nc3+
0-1

[Event "Lions Cup Roma"]
[Site "SchemingMind.com"]
[Date "2014.01.21"]
[Round "-"]
[White "alexyongpohweng"]
[Black "eun77"]
[Result "0-1"]
[WhiteCountry "MAS"]
[BlackCountry "ISR"]
[WhiteElo "1294"]
[WhiteRD "47"]
[BlackElo "1550"]
[BlackRD "60"]
[GameID "346107"]

1. e4 e5 2. Qh5 Qf6 3. Nf3 d6 4. Nc3 c6 5. Qg5 Qxg5 6. Nxg5 h6 7. Nf3 Nf6 8. Be2 Be7 9. O-O O-O 10. b3 Nh7
11. Bb2 Ng5 12. Nxg5 Bxg5 13. d3 Be6 14. f3 Nd7 15. g3 b6 16. h4 Be7 17. f4 exf4 18. gxf4 f6 19. Nd1 Bf7 20. c4 a6
21. d4 a5 22. a3 Rfe8 23. b4 axb4 24. axb4 Rxa1 25. Bxa1 Ra8 26. Bb2 c5 27. dxc5 dxc5 28. b5 Ra4 29. Nc3 Ra8 30. Ra1 Rxa1+
31. Bxa1 Bd8 32. Nd1 Bc7 33. f5 Be5 34. Bxe5 Nxe5 35. Bf1 Bxc4 36. Bxc4+ Nxc4 37. Kf2 Nd6 38. Nc3 Kf7 39. Nd5 Nxb5 40. Ne3 Nd6
41. Nc2 Nxe4+ 42. Ke3 Nd6 43. Kf4 g6 44. fxg6+ Kxg6
0-1

[Event "Lions Cup Roma"]
[Site "SchemingMind.com"]
[Date "2014.01.21"]
[Round "-"]
[White "lordstripes"]
[Black "eun77"]
[Result "1-0"]
[WhiteCountry "ENG"]
[BlackCountry "ISR"]
[WhiteElo "1953"]
[WhiteRD "121"]
[BlackElo "1646"]
[BlackRD "70"]
[GameID "346108"]

1. e4 e5 2. Nf3 d6 3. d4 exd4 4. Nxd4 Nc6 5. Nc3 Nxd4 6. Qxd4 c6 7. Bf4 Qf6 8. Qxf6 Nxf6 9. O-O-O Be7 10. Bxd6 Bxd6
11. Rxd6 O-O 12. h3 Re8 13. g4 h6 14. Bg2 Nh7 15. f4 f6 16. Rhd1 b6 17. Rxc6 Bb7 18. Rc7 Rad8 19. Rxd8 Rxd8 20. Rxb7 Ra8
21. Nd5 Nf8 22. Nc7 Rc8 23. Rxa7 Kf7 24. Nd5+ Kg8 25. Ne7+ Kh7 26. Nxc8
1-0

[Event "Lions Cup Roma"]
[Site "SchemingMind.com"]
[Date "2014.01.26"]
[Round "-"]
[White "emvarela"]
[Black "eun77"]
[Result "1-0"]
[WhiteCountry "ARG"]
[BlackCountry "ISR"]
[WhiteElo "1766"]
[WhiteRD "50"]
[BlackElo "1371"]
[BlackRD "53"]
[GameID "346109"]

1. e4 e5 2. Nf3 d6 3. d4 exd4 4. Nxd4 Nc6 5. Nxc6 bxc6 6. Nc3 Be7 7. Be3 h6 8. Bd3 Nf6 9. O-O O-O 10. f3 Nh7
11. Qd2 Bg5 12. Bxg5 Nxg5 13. Rad1 Nh7 14. e5 dxe5 15. Bxh7+ Kxh7 16. Qxd8 Rxd8 17. Rxd8 Bb7 18. Rxa8 Bxa8 19. Rd1 Bb7 20. Rd7 Bc8
21. Rxf7 Be6 22. Rxc7 Bf5 23. Ne4 a5 24. Rxc6 Bd7 25. Rc5 Bf5 26. Rxe5 Bg6 27. c4 Bf7 28. b3 Kg8 29. Rxa5 Kf8 30. Ra7 Be6
31. a4 g5 32. a5 Bf7 33. a6 Be6 34. Rh7 Kg8 35. Rxh6
1-0

[Event "Lions Cup Roma"]
[Site "SchemingMind.com"]
[Date "2014.01.23"]
[Round "-"]
[White "kenneth m day"]
[Black "eun77"]
[Result "1-0"]
[WhiteCountry "USA"]
[BlackCountry "ISR"]
[WhiteElo "1757"]
[WhiteRD "49"]
[BlackElo "1550"]
[BlackRD "60"]
[GameID "346110"]

1. e4 e5 2. f4 exf4 3. Nf3 d6 4. d4 Be7 5. Bxf4 h6 6. Be2 Nf6 7. Nc3 O-O 8. Qd2 Ne8 9. O-O-O Nf6 10. h4 Nh7
11. Rdg1 Bg4 12. g3 Bxf3 13. Bxf3 c6 14. g4 f6 15. Be2 Nd7 16. g5 fxg5 17. hxg5 Bxg5 18. Bxg5 Nxg5 19. Bc4+ Rf7 20. Bxf7+ Kxf7
21. Rf1+ Ke8 22. Qf4 Qf6 23. Qe3 Qe7 24. Qf4 Kd8 25. Qf5 Kc7 26. Qa5+ b6 27. Qf5 Rf8 28. Qg6 Rxf1+ 29. Rxf1 Nf8 30. Qf5 Nd7
31. Re1 a6 32. Kd2 Qe8 33. Kd3 b5 34. a4 Nf6 35. e5 dxe5 36. Rxe5 Qf7 37. Qf4 Kb7 38. Qe3
1-0

[Event "Lions Cup Roma"]
[Site "SchemingMind.com"]
[Date "2014.01.26"]
[Round "-"]
[White "kubinet"]
[Black "alexyongpohweng"]
[Result "0-1"]
[WhiteCountry "GER"]
[BlackCountry "MAS"]
[WhiteElo "1188"]
[WhiteRD "45"]
[BlackElo "1303"]
[BlackRD "45"]
[GameID "346188"]

1. e4 e5 2. Nf3 d6 3. d4 exd4 4. Nxd4 Nf6 5. Nc3 Be7 6. Bc4 O-O 7. O-O c5 8. Nf3 a6 9. a4 Bg4 10. h3 Bxf3
11. Qxf3 Nc6 12. Nd5 Nd4 13. Qd3 Nxd5 14. Bxd5 Nc6 15. c3 Ne5 16. Qe2 Rb8 17. b4 cxb4 18. cxb4 Nd7 19. Be3 Nf6 20. Rad1 Nxd5
0-1

[Event "Lions Cup Roma"]
[Site "SchemingMind.com"]
[Date "2014.01.26"]
[Round "-"]
[White "kubinet"]
[Black "lordstripes"]
[Result "0-1"]
[WhiteCountry "GER"]
[BlackCountry "ENG"]
[WhiteElo "1188"]
[WhiteRD "45"]
[BlackElo "1953"]
[BlackRD "121"]
[GameID "346189"]

1. e4 c6 2. d4 d5 3. Nc3 dxe4 4. Nxe4 Bf5 5. Ng3 Bg6 6. h4 h6 7. Nf3 Nd7 8. Bd3 Bxd3 9. Qxd3 Ngf6 10. Bf4 Qa5+
11. Bd2 Qc7
0-1

[Event "Lions Cup Roma"]
[Site "SchemingMind.com"]
[Date "2014.01.26"]
[Round "-"]
[White "kubinet"]
[Black "kenneth m day"]
[Result "0-1"]
[WhiteCountry "GER"]
[BlackCountry "USA"]
[WhiteElo "1188"]
[WhiteRD "45"]
[BlackElo "1769"]
[BlackRD "48"]
[GameID "346191"]

1. e4 e5 2. Bc4 Nf6 3. d3 d5 4. exd5 Bc5 5. Nf3 Bg4 6. O-O O-O 7. h3 Bxf3 8. Qxf3 c6 9. Nc3 cxd5 10. Bb3 Nc6
11. Bg5 Be7 12. Bxf6 Bxf6 13. Nxd5 Bg5 14. c3 Re8 15. Rad1 Qd7 16. Rfe1 Ne7 17. Nxe7+ Rxe7 18. d4 exd4 19. Rxe7 Qxe7
0-1

[Event "Lions Cup Roma"]
[Site "SchemingMind.com"]
[Date "2014.01.23"]
[Round "-"]
[White "kubinet"]
[Black "eun77"]
[Result "0-1"]
[WhiteCountry "GER"]
[BlackCountry "ISR"]
[WhiteElo "1188"]
[WhiteRD "45"]
[BlackElo "1646"]
[BlackRD "70"]
[GameID "346192"]

1. e4 e5 2. Bc4 d6 3. Nc3 c6 4. Nf3 h6 5. O-O Nf6 6. d3 Be7 7. h3 O-O 8. Be3 Be6 9. Bb3 Bxb3 10. axb3 Nh7
11. Rxa7 Rxa7 12. Bxa7 Nd7
0-1

[Event "Lions Cup Roma"]
[Site "SchemingMind.com"]
[Date "2014.01.26"]
[Round "-"]
[White "alexyongpohweng"]
[Black "kubinet"]
[Result "1-0"]
[WhiteCountry "MAS"]
[BlackCountry "GER"]
[WhiteElo "1303"]
[WhiteRD "45"]
[BlackElo "1188"]
[BlackRD "45"]
[GameID "346193"]

1. e4 c5 2. Bc4 e6 3. Nf3 a6 4. O-O b5 5. Be2 Bb7 6. d3 d6 7. Nc3 Nc6 8. a3 Nf6 9. Bg5 Be7 10. Bxf6 Bxf6
11. Rb1 O-O 12. Na2 a5 13. b3 b4 14. axb4 axb4 15. Ra1 Bxa1 16. Qxa1 Qa5 17. Bd1
1-0

[Event "Lions Cup Roma"]
[Site "SchemingMind.com"]
[Date "2014.01.26"]
[Round "-"]
[White "lordstripes"]
[Black "kubinet"]
[Result "1-0"]
[WhiteCountry "ENG"]
[BlackCountry "GER"]
[WhiteElo "1953"]
[WhiteRD "121"]
[BlackElo "1188"]
[BlackRD "45"]
[GameID "346194"]

1. e4 c5 2. Nf3 d6 3. d4 cxd4 4. Nxd4 Nf6 5. Nc3 a6 6. Bg5 e6 7. f4 Be7 8. Qf3 Qc7 9. O-O-O O-O 10. g4 b5
11. a3 Nbd7 12. Bxf6
1-0

[Event "Lions Cup Roma"]
[Site "SchemingMind.com"]
[Date "2014.01.26"]
[Round "-"]
[White "kenneth m day"]
[Black "kubinet"]
[Result "1-0"]
[WhiteCountry "USA"]
[BlackCountry "GER"]
[WhiteElo "1769"]
[WhiteRD "48"]
[BlackElo "1188"]
[BlackRD "45"]
[GameID "346196"]

1. e4 c5 2. d4 cxd4 3. c3 dxc3 4. Nxc3 Nc6 5. Nf3 d6 6. Bc4 Nf6 7. Qe2 g6 8. h4 Bg7 9. Bg5 h5 10. O-O Bg4
11. Rfd1 Qa5 12. Qe3 Ne5 13. Be2 Bd7 14. Nd4 O-O 15. Nf3 Neg4 16. Qd3 Rac8 17. Rac1 Rfe8 18. Bd2
1-0

[Event "Lions Cup Roma"]
[Site "SchemingMind.com"]
[Date "2014.01.26"]
[Round "-"]
[White "eun77"]
[Black "kubinet"]
[Result "1-0"]
[WhiteCountry "ISR"]
[BlackCountry "GER"]
[WhiteElo "1646"]
[WhiteRD "70"]
[BlackElo "1188"]
[BlackRD "45"]
[GameID "346197"]

1. d4 Nf6 2. e3 d5 3. h3 e6 4. Nf3 Be7 5. Be2 O-O 6. O-O c5 7. dxc5 Bxc5 8. b3 Nc6 9. Ba3 Qe7 10. Bxc5 Qxc5
11. Nh2
1-0

[Event "Lions Cup Roma"]
[Site "SchemingMind.com"]
[Date "2014.01.23"]
[Round "-"]
[White "SAMAEL"]
[Black "alexyongpohweng"]
[Result "1-0"]
[WhiteCountry "CAN"]
[BlackCountry "MAS"]
[WhiteElo "1743"]
[WhiteRD "66"]
[BlackElo "1230"]
[BlackRD "45"]
[GameID "346215"]

1. e4 e5 2. Nf3 d6 3. Nc3 Nf6 4. Be2 c6 5. d3 h6 6. h3 Be7 7. O-O O-O 8. a3 Na6 9. Bd2 b5 10. Na2 Bb7
11. Nh2 Nh7 12. Kh1 Bg5 13. f4 exf4 14. Bxf4 Bxf4 15. Rxf4 Nf6 16. Qd2 d5 17. e5 Nh7 18. Raf1 Ng5 19. Bg4 Ne6 20. Bxe6 fxe6
21. Rxf8+
1-0

[Event "Lions Cup Roma"]
[Site "SchemingMind.com"]
[Date "2014.01.22"]
[Round "-"]
[White "SAMAEL"]
[Black "lordstripes"]
[Result "1/2-1/2"]
[WhiteCountry "CAN"]
[BlackCountry "ENG"]
[WhiteElo "1720"]
[WhiteRD "55"]
[BlackElo "1911"]
[BlackRD "106"]
[GameID "346216"]

1. d4 Nf6 2. Nf3 g6 3. e3 Bg7 4. c4 O-O 5. Be2 d6 6. O-O c5 7. Nc3 Bf5 8. Re1 h6 9. h3 Nc6 10. a3 b6
11. d5 Ne5 12. Nxe5 dxe5 13. f3 Bc8 14. e4 Ba6 15. Be3 Ne8 16. Qd2 Kh7 17. a4 Nd6 18. b3 Bc8 19. Nb5 Bd7 20. Nxd6 exd6
21. Ra2 a5 22. Kh2 f5 23. Bd3 f4 24. Bf2 Bf6 25. Rf1 g5=
1/2-1/2

[Event "Lions Cup Roma"]
[Site "SchemingMind.com"]
[Date "2014.01.26"]
[Round "-"]
[White "SAMAEL"]
[Black "emvarela"]
[Result "1/2-1/2"]
[WhiteCountry "CAN"]
[BlackCountry "ARG"]
[WhiteElo "1752"]
[WhiteRD "56"]
[BlackElo "1766"]
[BlackRD "50"]
[GameID "346217"]

1. Nf3 Nf6 2. Nc3 c5 3. e4 Nc6 4. Be2 d6 5. d3 a6 6. O-O g6 7. h3 Bg7 8. a3 O-O 9. Kh1 e5 10. Na2 Be6
11. c4 b5 12. b3 bxc4 13. bxc4 Nd7 14. Nc3 Nd4 15. Nxd4 cxd4 16. Nd5 Bxd5 17. cxd5 Nc5 18. Bd2 f5 19. f3 f4 20. Bb4 Rc8
21. Rc1 Qb6 22. Bxc5 dxc5 23. Rb1 Qd6 24. Rb3 Rb8 25. Qc2 Rxb3 26. Qxb3 Rb8 27. Qc2 Qb6 28. a4 Qb2 29. Rc1 Qxc2 30. Rxc2 Bf8
31. Rd2 Rb1+ 32. Kh2 Ra1 33. Bd1 Ra3 34. Kg1 Ra1 35. Kf2 Bd6 36. g4 Rb1 37. Bc2 Rb2 38. Ke2 c4 39. Bd1 Rxd2+ 40. Kxd2 c3+
41. Kc2 Kf7 42. Kb3 Ke7 43. Bc2 Kd7 44. Bd1 Kc7 45. Bc2 Kb6=
1/2-1/2